000 00793nam a2200229 a 4500
001 47078
003 BD-RjUL
005 20211209054245.0
008 160807s1971 bg ||||| |||| 00| 0 ben d
035 _a(BD-RjUL)47197
040 _aBD-RjUL
_bben
_cBD-RjUL
041 _aben
082 _223
_a347.7
_bSOB 1971
100 _aসরকার, কৃষ্ণপদ
_9143382
245 _aবাণিজ্য-বিধি = [Commercial law] /
_cকৃষ্ণপদ সরকার
250 _a৪র্থ সং
260 _aঢাকা :
_bআলী পাবলিকেশনস্‌,
_c১৯৭১
300 _aiii,২১৯ [৭৯] ;
_c২১ সেমি।
650 _aবাণিজ্য-বিধি
_9143383
650 _aCommercial law
_9143384
942 _2ddc
_cBK
999 _c47078
_d47078